000
00326nam a22001457a 4500
003
SGT
020
_a
978-93-5090-203-5
082
_a
150
_b
P13K
100
_a
KONNUR, RAJESH G.
245
_a
PSYCHOLOGY FOR GRADUATE NURSES
260
_a
INDIA
_b
JAYPEE
_c
2013
300
_a
243
650
_a
PSYCHOLOGY
942
_2
ddc
_c
BK
_0
58
999
_c
10792
_d
10792